01288 2200565 4500001002100000008004100021035002000062245004200082260003700124300002000161020001800181084001400199082000800213650001100221990001400232990001400246990001400260990001400274990001400288990001400302990001400316990001400330990001400344990001400358990001400372990001400386990001400400990001400414990001400428990001400442990001400456990001400470990001400484990001400498990001400512990001400526990001400540990001400554990001400568990001400582990001400596990001400610990001400624990001400638990001400652990001400666990001400680990001400694990001400708INLIS000000000000027 ING  a0010-1023000002 aDetik AAS Bahasa InggriscSUSININGSIH aYOGYAKARTAbINTAN PARIWARAc2022 a112c21 X 30 CM a9789792847499 a420 SUS d a420 aBAHASA aINT.10276 aINT.10277 aINT.10278 aINT.10279 aINT.10280 aINT.10281 aINT.10282 aINT.10283 aINT.10284 aINT.10285 aINT.10286 aINT.10287 aINT.10288 aINT.10289 aINT.10290 aINT.10291 aINT.10292 aINT.10293 aINT.10294 aINT.10295 aINT.10296 aINT.10297 aINT.10298 aINT.10299 aINT.10300 aINT.10301 aINT.10302 aINT.10303 aINT.10304 aINT.10305 aINT.10306 aINT.10307 aINT.10308 aINT.10309 aINT.10310